| 000 | 00637nam a2200229Ia 4500 | ||
|---|---|---|---|
| 001 | 5138 | ||
| 003 | GE_BSU | ||
| 008 | 181216s||||||||xx |||||||||||||| ||und|| | ||
| 040 | _cGE_BSU | ||
| 080 | _a514(075.8) | ||
| 100 | _aКаченовский и др. | ||
| 245 | _aГеометрия. | ||
| 245 | _bУчеб. для сред спец. учеб завед. | ||
| 245 | _cПод. ред. Г.Н. Яковлева | ||
| 250 | _aЧ.lll | ||
| 260 | _aМосква | ||
| 260 | _bнаука Гл. ред физ-мат. лит-ры | ||
| 260 | _c1978 | ||
| 300 | _a158 с. 20 см. | ||
| 653 | _aГеометрия | ||
| 942 | _cBK | ||
| 999 |
_c38786 _d38786 |
||